000 00976nam a22002891i 4500
001 142290
003 ES-MaACL
005 20250826051218.0
007 t|
008 071004s1980 sp ||||0| spa d
016 7 _zIND2000946716
020 _a84-7196-296-9
040 _aM-BN
_bspa
_cCDM
080 _a336(02)
100 1 _aWinfrey, John C.
_9117076
245 1 0 _aHacienda pública
_b: elecciones colectivas y la economía pública /
_cJohn C. Winfrey... ; estudio introductorio, prof. Ricardo Calle Saiz ; [traductor del inglés, José Alberto Parejo Gamir].
260 _aMadrid :
_bInstituto de Estudios Fiscales,
_c1980.
300 _a779 p. ;
_c24 cm.
500 _aIndices.
504 _aBibliografía: p. 23-32.
650 7 _aHacienda pública
_2embne
_913279
700 1 _aParejo Gámir, José Alberto.
_989073
700 0 _aCalle Sáiz, Ricardo.
_933708
852 _aES-MaACL
_jL-381
_bR.101125
999 _c142290
_d142290